[Event "24th ch-EUR Indiv 2024"]
[Site "Petrovac MNE"]
[Date "2024.11.13"]
[Round "6.97"]
[White "Sukovic, Andrej"]
[Black "Levin, Guy"]
[Result "0-1"]
[WhiteTitle "FM"]
[BlackTitle "IM"]
[WhiteElo "2299"]
[BlackElo "2445"]
[WhiteFideId "16502310"]
[BlackFideId "2824213"]
[EventDate "2024.11.08"]

1. e4 c6 2. d4 d5 3. e5 Bf5 4. Nf3 e6 5. Be2 Ne7 6. c3 Nd7 7. Nbd2 h6 8. Nf1 a6
9. Ne3 Be4 10. O-O c5 11. Nd2 Bg6 12. f4 cxd4 13. cxd4 h5 14. h3 Rc8 15. Rf2 h4
16. Bg4 Qb6 17. Nb3 Be4 18. Bd2 g6 19. Ba5 Qa7 20. Rc1 Rxc1 21. Qxc1 Nc6 22. Bc3
Be7 23. Nd2 Bf5 24. Nf3 Qb6 25. b4 Kf8 26. Rb2 Kg7 27. Bxf5 gxf5 28. Qd1 Nf8 29.
a4 Ng6 30. b5 axb5 31. Rxb5 Qc7 32. Bd2 Ra8 33. Qc2 Qc8 34. Qb3 Nd8 35. Nd1 Ra6
36. Nb2 Rc6 37. Ne1 Rc7 38. Ba5 Nc6 39. Bb6 Nxf4 40. Qf3 Ng6 41. Ned3 Rd7 42.
Nf4 Nxf4 43. Qxf4 Qh8 44. Nd3 Qh5 45. Qf3 Qh6 46. Rb2 Bg5 47. Re2 Re7 48. g4
hxg3 49. Qxg3 Kh7 50. Kf1 Re8 51. Qf3 Rg8 52. Ne1 Bh4 53. Ng2 Qc1+ 54. Ne1 Rg5
55. a5 Kg6 56. Qe3 Qb1 57. Qc3 Rg3 58. Qc2 Qa1 59. Qb2 Qa4 60. Rg2 Nxa5 61. Bxa5
Qxa5 62. Nf3 Kh5 63. Rxg3 Bxg3 64. Qc1 f4 65. Qc2 Kh6 66. h4 Qa6+ 67. Kg2 Qc4
68. Qd1 b5 69. Kh3 Qc3 70. Kg4 b4 71. Qa4 Qd3 72. Ng5 Qe2+ 73. Nf3 Qd3 74. Ng5
Qf5+ 75. Kf3 Bxh4 76. Nxf7+ Qxf7 77. Qa8 Qh5+ 0-1

[Event "24th ch-EUR Indiv 2024"]
[Site "Petrovac MNE"]
[Date "2024.11.13"]
[Round "6.98"]
[White "Radovanovic, Nikola"]
[Black "Valiyev, Shahin"]
[Result "1/2-1/2"]
[WhiteTitle "IM"]
[BlackTitle "FM"]
[WhiteElo "2443"]
[BlackElo "2260"]
[WhiteFideId "900087"]
[BlackFideId "13424203"]
[EventDate "2024.11.08"]

1. e4 c5 2. Nc3 d6 3. f4 g6 4. Nf3 Bg7 5. Bb5+ Bd7 6. Bc4 Nc6 7. O-O Na5 8. d3
Nh6 9. f5 Nxc4 10. dxc4 Ng4 11. Nd5 Bc6 12. Bg5 Bxd5 13. Qxd5 Qd7 14. Rad1 Qc6
15. Qxc6+ bxc6 16. h3 Ne5 17. f6 exf6 18. Nxe5 fxg5 19. Nxc6 Bxb2 20. Rxd6 Bg7
21. Rb1 O-O 22. Rb7 a6 23. Kf2 Rfe8 24. Kf3 Rac8 25. a4 h5 26. g4 hxg4+ 27. hxg4
Be5 28. Nxe5 Rxe5 29. Rf6 Rce8 30. Rbxf7 Rxe4 31. Rf8+ Kg7 32. R8f7+ Kh6 33.
Rxa6 Rxc4 34. Raa7 Rc3+ 35. Kf2 Rxc2+ 36. Kf3 Rc3+ 1/2-1/2

[Event "24th ch-EUR Indiv 2024"]
[Site "Petrovac MNE"]
[Date "2024.11.13"]
[Round "6.99"]
[White "Sanikidze, Tornike"]
[Black "Vasynda, Oleksandr"]
[Result "1-0"]
[WhiteTitle "GM"]
[BlackTitle "FM"]
[WhiteElo "2437"]
[BlackElo "2257"]
[WhiteFideId "13602608"]
[BlackFideId "14176297"]
[EventDate "2024.11.08"]

1. d4 d5 2. c4 e6 3. Nf3 Nf6 4. Nc3 Bb4 5. Qa4+ Nc6 6. e3 Bd7 7. Qc2 Ne7 8. a3
Bxc3+ 9. Qxc3 O-O 10. b4 Ne4 11. Qc2 f5 12. Ne5 Nc6 13. Nxd7 Qxd7 14. f3 Nf6 15.
c5 a6 16. Bb2 b5 17. Bd3 g6 18. Bc3 Nh5 19. O-O Ne7 20. a4 c6 21. Ra3 Ra7 22.
Qa2 Rfa8 23. g4 Nf6 24. Qg2 Rf8 25. h3 Rb7 26. axb5 axb5 27. Rfa1 Kf7 28. Be1
Rc8 29. Bg3 Qe8 30. Bd6 Qf8 31. e4 Qe8 32. exf5 gxf5 33. Re1 Ra8 34. Rxa8 Qxa8
35. Qe2 Qc8 36. Bxe7 Rxe7 37. gxf5 h6 38. Qe5 Qd7 39. fxe6+ Rxe6 40. Bg6+ Ke7
41. Bf5 1-0

[Event "24th ch-EUR Indiv 2024"]
[Site "Petrovac MNE"]
[Date "2024.11.13"]
[Round "6.100"]
[White "Lekic, Dusan"]
[Black "Garcia Ramos, Daniel"]
[Result "0-1"]
[WhiteTitle "IM"]
[BlackTitle "IM"]
[WhiteElo "2288"]
[BlackElo "2437"]
[WhiteFideId "905330"]
[BlackFideId "32010311"]
[EventDate "2024.11.08"]

1. d4 Nf6 2. c4 e6 3. Nf3 d5 4. g3 Bb4+ 5. Bd2 Be7 6. Bg2 O-O 7. O-O c6 8. Qc2
Nbd7 9. Bf4 b6 10. Nbd2 Nh5 11. e3 Bb7 12. h4 Rc8 13. Rfc1 h6 14. cxd5 Nxf4 15.
exf4 cxd5 16. Qa4 a6 17. Bf1 b5 18. Qd1 Qb6 19. Bd3 Bf6 20. Nf1 g6 21. Be2 h5
22. Ne5 Nxe5 23. fxe5 Bg7 24. Qd3 Rc4 25. Rd1 Rc7 26. Nd2 Rfc8 27. g4 hxg4 28.
Bxg4 Rc2 29. Rab1 Qd8 30. Nf3 Bh6 31. Kg2 Kg7 32. Rh1 Rc1 33. Rbxc1 Rxc1 34.
Rxc1 Bxc1 35. Qc2 Qc8 36. Qxc8 Bxc8 37. b3 Bb2 38. Kg3 b4 39. Bh3 Bd7 40. Bf1 a5
41. Bd3 Kh6 42. Be2 a4 43. Kf4 a3 44. Ng5 Be8 45. Nf3 Ba4 46. Bd1 Bb5 47. Kg3
Bd3 48. Ne1 Bf5 49. Bc2 Bxd4 50. f4 Bc3 51. Nd3 Kg7 52. Kf3 f6 53. Kg3 fxe5 54.
fxe5 Kh6 55. Kf4 Bd2+ 56. Kg3 g5 57. hxg5+ Kxg5 58. Kf3 Bc3 59. Ke3 Bg6 0-1

[Event "24th ch-EUR Indiv 2024"]
[Site "Petrovac MNE"]
[Date "2024.11.13"]
[Round "6.101"]
[White "Mouhamad, Joachim"]
[Black "Druska, Juraj"]
[Result "0-1"]
[WhiteTitle "FM"]
[BlackTitle "IM"]
[WhiteElo "2273"]
[BlackElo "2433"]
[WhiteFideId "656410"]
[BlackFideId "14915650"]
[EventDate "2024.11.08"]

1. e4 c5 2. Nf3 d6 3. d4 cxd4 4. Nxd4 Nf6 5. Nc3 a6 6. f3 b5 7. Be3 Bb7 8. Qd2
Nbd7 9. g4 e5 10. Nf5 b4 11. Nd5 Nxd5 12. exd5 Qc7 13. a3 Nf6 14. axb4 Nxd5 15.
b5 g6 16. Ng3 Nxe3 17. Qxe3 Be7 18. bxa6 O-O 19. Ra3 Bc6 20. Rb3 Ba4 21. Qc3 Qd8
22. Rb4 Bd7 23. Rb3 Be6 24. Ra3 d5 25. Ra4 Bd7 26. Ra2 Qb6 27. Qd2 Bc5 28. Kd1
e4 29. h3 Be3 30. Qa5 Qd4+ 31. Ke2 Bb5+ 32. Qxb5 Qd2# 0-1

[Event "24th ch-EUR Indiv 2024"]
[Site "Petrovac MNE"]
[Date "2024.11.13"]
[Round "6.102"]
[White "Injac, Teodora"]
[Black "Drazic, Sinisa"]
[Result "1-0"]
[WhiteTitle "IM"]
[BlackTitle "GM"]
[WhiteElo "2429"]
[BlackElo "2255"]
[WhiteFideId "932400"]
[BlackFideId "901172"]
[EventDate "2024.11.08"]

1. d4 Nf6 2. c4 e6 3. Nc3 d5 4. cxd5 Nxd5 5. e4 Nxc3 6. bxc3 c5 7. Rb1 cxd4 8.
cxd4 Nc6 9. Bb5 Be7 10. Nf3 O-O 11. O-O Na5 12. Bd3 b6 13. Rb5 Ba6 14. Rh5 Bxd3
15. Qxd3 f6 16. Bd2 Nb7 17. Rh3 Rc8 18. Qb3 Qd7 19. Re1 Rfe8 20. Qe3 Qc7 21. e5
Qc2 22. exf6 Bxf6 23. Rc1 Qf5 24. Rxc8 Rxc8 25. Rh5 Qb1+ 26. Be1 Nd8 27. g4 g6
28. Rh3 Rc7 29. a4 Qc1 30. Qe4 Rd7 31. Kg2 Qc6 32. Qf4 Rf7 33. a5 Qd5 34. axb6
axb6 35. g5 Bg7 36. Qe3 Nc6 37. Bc3 b5 38. Rh4 b4 39. Bb2 Na5 40. Bc1 Nc4 41.
Qb3 Bf8 42. Rf4 Rb7 43. Qa4 Nd6 44. Rf6 Ne4 45. Rf4 Nd6 46. Rf6 Ne4 47. Rf4 Rf7
48. Rxf7 Kxf7 49. Qa7+ Kg8 50. Ne5 Nd6+ 51. f3 Qb5 52. Be3 b3 53. Ng4 Nb7 54.
Qb8 Qb4 55. Nh6+ Kh8 56. Bf4 1-0

[Event "24th ch-EUR Indiv 2024"]
[Site "Petrovac MNE"]
[Date "2024.11.13"]
[Round "6.103"]
[White "Licznerski, Lukasz"]
[Black "Pycinski, Wladyslaw"]
[Result "1-0"]
[WhiteTitle "IM"]
[WhiteElo "2422"]
[BlackElo "2230"]
[WhiteFideId "1179250"]
[BlackFideId "21054509"]
[EventDate "2024.11.08"]

1. e4 e5 2. Nf3 Nc6 3. Bb5 a6 4. Ba4 Nf6 5. d3 d6 6. c4 Be7 7. Nc3 O-O 8. h3 Nd7
9. Be3 Re8 10. O-O Nf8 11. d4 exd4 12. Nxd4 Bd7 13. Nxc6 Bxc6 14. Bxc6 bxc6 15.
c5 Qb8 16. Qa4 Qb7 17. cxd6 cxd6 18. b3 Rac8 19. Rfd1 Red8 20. Rd3 Ne6 21. Rad1
Bf6 22. Qa5 Be5 23. Na4 c5 24. Nxc5 Nxc5 25. Bxc5 Qxe4 26. Be3 Rf8 27. Qd2 Rfe8
28. f3 Qg6 29. f4 Bf6 30. Bf2 Qf5 31. Rd5 Qc2 32. Rxd6 h6 33. Qxc2 Rxc2 34. R1d2
Rc1+ 35. Kh2 Bc3 36. Rd8 Bxd2 37. Rxe8+ Kh7 38. g3 a5 39. Kg2 Bb4 40. Re2 Rc3
41. Bd4 Rd3 42. Be3 Rd1 43. Rc2 Kg6 44. g4 Re1 45. f5+ Kh7 46. Bf2 Rd1 47. Kf3
g6 48. Ke4 h5 49. Rc7 hxg4 50. hxg4 gxf5+ 51. gxf5 Kg7 52. Bd4+ Kf8 53. Bc5+ Kg7
54. Bd4+ Kf8 55. Bc3 Rf1 56. Bxb4+ axb4 57. Ra7 Kg7 58. Ra4 Rf2 59. Ke3 Rh2 60.
Kd4 Kf6 61. Kc5 Kxf5 62. Kxb4 Ke5 63. Ra8 f5 64. a4 f4 65. Rf8 Ke4 66. a5 Rh6
67. Kb5 Rh5+ 68. Ka4 Rh1 69. a6 f3 70. b4 Ke3 71. Kb5 f2 72. a7 Rh5+ 73. Kb6
Rh6+ 74. Kb7 Rh7+ 75. Kb6 Rh6+ 76. Ka5 Rh1 77. b5 f1=Q 78. Rxf1 Rxf1 79. b6 Ra1+
80. Kb5 Kd4 81. b7 Rxa7 82. b8=Q Rd7 83. Kc6 Rf7 84. Qd6+ Kc3 85. Qc5+ Kb2 86.
Qb4+ Ka1 87. Qa3+ 1-0

[Event "24th ch-EUR Indiv 2024"]
[Site "Petrovac MNE"]
[Date "2024.11.13"]
[Round "6.104"]
[White "Fishchuk, Vladyslav"]
[Black "Tadic, Stefan"]
[Result "1/2-1/2"]
[WhiteTitle "FM"]
[BlackTitle "IM"]
[WhiteElo "2270"]
[BlackElo "2422"]
[WhiteFideId "34122117"]
[BlackFideId "958980"]
[EventDate "2024.11.08"]

1. d4 Nf6 2. c4 c5 3. d5 b5 4. cxb5 a6 5. e3 d6 6. Nc3 g6 7. a4 Bg7 8. e4 O-O 9.
Nf3 axb5 10. Bxb5 Ba6 11. Nd2 e6 12. Bxa6 Nxa6 13. O-O Nb4 14. Nc4 Nxe4 15. Nxe4
exd5 16. Bg5 f6 17. Bf4 dxc4 18. Nxd6 Nd3 19. Qc2 Nxf4 20. Qxc4+ Kh8 21. Qxf4 f5
22. Rfd1 Qe7 23. Nc4 Bd4 24. a5 Qf6 25. Rac1 Rfe8 26. Rd2 Re4 27. Qd6 Re6 28.
Qd5 Rae8 29. Rf1 Re1 30. b3 Rxf1+ 31. Kxf1 Qe7 32. g3 f4 33. g4 f3 34. Qxf3 Rf8
35. Qc6 Qh4 36. Qg2 Qf6 37. h3 Bxf2 38. Qxf2 Qa1+ 39. Kg2 Rxf2+ 40. Rxf2 Qc3 41.
Rf3 Qc2+ 42. Kg3 Kg7 43. g5 1/2-1/2

[Event "24th ch-EUR Indiv 2024"]
[Site "Petrovac MNE"]
[Date "2024.11.13"]
[Round "6.105"]
[White "Yaniv, Yuval"]
[Black "Kalavannan, Koby"]
[Result "0-1"]
[WhiteTitle "FM"]
[BlackTitle "FM"]
[WhiteElo "2421"]
[BlackElo "2225"]
[WhiteFideId "2823900"]
[BlackFideId "425753"]
[EventDate "2024.11.08"]

1. e4 c5 2. Nf3 Nc6 3. Bb5 e5 4. O-O Bd6 5. d4 Nxd4 6. Bc4 h6 7. Nxd4 cxd4 8. c3
Bc5 9. Qb3 Qf6 10. f4 g5 11. Kh1 gxf4 12. cxd4 Bxd4 13. Nc3 Ne7 14. Nb5 d5 15.
Bxd5 Nxd5 16. exd5 Bb6 17. Qa3 Qe7 18. d6 Qd7 19. Bxf4 Qxb5 20. Bxe5 Rf8 21. Bg7
Rg8 22. Bf6 Bc5 23. Qf3 Be6 24. Rae1 Kd7 25. b4 Bxd6 26. Rd1 Rac8 27. a4 Qxb4
28. Rd4 Rc4 29. Rfd1 Rxd4 30. Rxd4 Qe1+ 0-1

[Event "24th ch-EUR Indiv 2024"]
[Site "Petrovac MNE"]
[Date "2024.11.13"]
[Round "6.106"]
[White "Bodiroga, Predrag"]
[Black "Piliposyan, Robert"]
[Result "0-1"]
[WhiteTitle "IM"]
[BlackTitle "IM"]
[WhiteElo "2260"]
[BlackElo "2418"]
[WhiteFideId "915700"]
[BlackFideId "13309978"]
[EventDate "2024.11.08"]

1. d4 Nf6 2. Nf3 d5 3. c4 e6 4. Nc3 dxc4 5. e3 a6 6. a4 b6 7. Bxc4 Bb7 8. O-O
Bb4 9. Qe2 Nbd7 10. Rd1 Qe7 11. Bd2 O-O 12. Be1 Rfd8 13. Rac1 h6 14. h3 c5 15.
Na2 Bxe1 16. Rxe1 b5 17. Bd3 e5 18. Nxe5 Nxe5 19. dxe5 Qxe5 20. Bb1 b4 21. Rc4
Ne4 22. Qc2 Rd2 23. Rxe4 Qxe4 24. Qxe4 Bxe4 25. Bxe4 Re8 26. f3 Rxb2 27. Bd5 Rd8
28. e4 Rxd5 29. exd5 Rxa2 30. Re8+ Kh7 31. Rc8 b3 32. Rb8 c4 33. Kh2 Rd2 34. Rb4
b2 0-1

[Event "24th ch-EUR Indiv 2024"]
[Site "Petrovac MNE"]
[Date "2024.11.13"]
[Round "6.107"]
[White "Zemach, Nadav"]
[Black "Gov, Guy"]
[Result "1-0"]
[WhiteTitle "IM"]
[WhiteElo "2414"]
[BlackElo "2200"]
[WhiteFideId "2820927"]
[BlackFideId "2820200"]
[EventDate "2024.11.08"]

1. d4 d5 2. c4 e6 3. Nf3 Nf6 4. Nc3 dxc4 5. e4 Bb4 6. Bxc4 Nxe4 7. O-O Nxc3 8.
bxc3 Be7 9. Qe2 O-O 10. Rd1 Nd7 11. Ne5 Nf6 12. Rd3 c5 13. Rh3 cxd4 14. cxd4
Qxd4 15. Bb2 Qe4 16. Re3 Qf4 17. Re1 b5 18. Bb3 Bb7 19. Nxf7 Nd5 20. Rf3 Rxf7
21. Qxe6 Qxf3 22. gxf3 Rd8 23. Rd1 Rd6 24. Qe4 Nc3 25. Qxb7 Nxd1 26. Qxe7 1-0

[Event "24th ch-EUR Indiv 2024"]
[Site "Petrovac MNE"]
[Date "2024.11.13"]
[Round "6.108"]
[White "Shohat, Yotam"]
[Black "Kochavi, Dana"]
[Result "1/2-1/2"]
[WhiteTitle "IM"]
[BlackTitle "WFM"]
[WhiteElo "2412"]
[BlackElo "2166"]
[WhiteFideId "2813955"]
[BlackFideId "2837137"]
[EventDate "2024.11.08"]

1. e4 c5 2. Nf3 Nc6 3. Nc3 e5 4. Bc4 g6 5. d3 h6 6. O-O Bg7 7. a3 Nge7 8. b4 d6
9. bxc5 dxc5 10. Bb2 O-O 11. Nd5 Nxd5 12. Bxd5 Ne7 13. c4 Qd6 14. Nd2 Rb8 15. a4
b6 16. Ra3 Nc6 17. Qa1 Nb4 18. Rc1 g5 19. a5 Bg4 20. f3 Bd7 21. axb6 axb6 22.
Nf1 Kh8 23. Ne3 h5 24. Rd1 Qf6 25. Bc3 g4 26. fxg4 Bxg4 27. Rf1 Qg5 28. Nxg4
hxg4 29. Bxb4 cxb4 30. Rb3 f5 31. Rxb4 Qe3+ 32. Kh1 Qxd3 33. Qe1 Bh6 34. exf5
Rxf5 35. Rxf5 Qxf5 36. Rb1 Rf8 37. g3 Rf6 38. Ra1 Bf8 39. Be4 Qf2 40. Qxf2 Rxf2
41. Bd5 Bb4 42. Ra8+ Kh7 43. Rg8 e4 44. Re8 Re2 45. Rxe4 Rxe4 46. Bxe4+ Kh6 47.
Bf5 Kg5 48. Bd7 Bc5 1/2-1/2

[Event "24th ch-EUR Indiv 2024"]
[Site "Petrovac MNE"]
[Date "2024.11.13"]
[Round "6.109"]
[White "Gal, Andrej"]
[Black "Tutisani, Noe"]
[Result "0-1"]
[WhiteTitle "FM"]
[BlackTitle "IM"]
[WhiteElo "2255"]
[BlackElo "2411"]
[WhiteFideId "14567563"]
[BlackFideId "13602853"]
[EventDate "2024.11.08"]

1. d4 d5 2. c4 dxc4 3. e4 Nf6 4. e5 Nd5 5. Bxc4 Bf5 6. Ne2 e6 7. O-O Be7 8. Nbc3
Nb6 9. Bb3 O-O 10. Be3 Nc6 11. a3 Na5 12. Bc2 Bg6 13. Nf4 Nac4 14. Nxg6 hxg6 15.
Bc1 c5 16. dxc5 Qxd1 17. Rxd1 Bxc5 18. Ne4 Be7 19. Nd6 Bxd6 20. exd6 Rfd8 21.
Be4 Nxd6 22. Bf3 Nbc4 23. b3 Ne5 24. Be2 Nf5 25. Bb2 Nc6 26. a4 Nfd4 27. Bc4 a6
28. a5 Nc2 29. Rac1 Nxa5 30. Be2 Nb4 31. Bc3 Nac6 32. Rxd8+ Rxd8 33. Rd1 Nd5 34.
Bb2 f6 35. g3 Kf7 36. f4 Rc8 37. Rc1 Rc7 38. Kf2 Na5 39. Rxc7+ Nxc7 40. Bd1 Nd5
41. Ke2 b5 42. Kd2 Ke7 43. Bc2 Kd6 44. Ba3+ b4 45. Bb2 Kc5 46. h4 Ne7 47. g4
Nac6 48. Kd3 Nd5 49. g5 Nxf4+ 50. Ke4 e5 51. Bc1 f5+ 52. Ke3 Nd4 53. Bd1 Nd5+
54. Kd2 Nc3 55. h5 gxh5 56. Bxh5 Nxb3+ 0-1

[Event "24th ch-EUR Indiv 2024"]
[Site "Petrovac MNE"]
[Date "2024.11.13"]
[Round "6.110"]
[White "Ahmad, Khagan"]
[Black "Hryzlova, Sofiia"]
[Result "1/2-1/2"]
[WhiteTitle "IM"]
[BlackTitle "WIM"]
[WhiteElo "2406"]
[BlackElo "2177"]
[WhiteFideId "13431552"]
[BlackFideId "14174669"]
[EventDate "2024.11.08"]

1. e4 e6 2. d4 d5 3. Nd2 c5 4. Ngf3 cxd4 5. exd5 Qxd5 6. Bc4 Qd6 7. O-O Nf6 8.
Nb3 Nc6 9. Nbxd4 Nxd4 10. Nxd4 Be7 11. Re1 O-O 12. c3 Qc7 13. Qe2 Bd7 14. Bg5
Qc5 15. Bh4 Rad8 16. Rad1 a6 17. Bd3 Rfe8 18. Bxf6 Bxf6 19. Qe4 g6 20. Qxb7 Bc8
21. Nb3 Qxc3 22. Qxf7+ Kxf7 23. bxc3 Bxc3 24. Re3 Bb4 25. Rc1 Re7 26. h4 Bb7 27.
Rc4 a5 28. Be4 Rd1+ 29. Kh2 Bd5 30. Bxd5 exd5 31. Rxe7+ Kxe7 32. Rc7+ Kd6 33.
Ra7 Kc6 34. g3 h5 35. Kg2 Kb6 36. Rf7 Bc3 37. a4 Rb1 38. Rf8 Rb2 39. Rg8 Ka7 40.
Nc5 Bd4 41. Nd3 Rd2 42. Nf4 Rxf2+ 43. Kh3 Ra2 44. Rxg6 Rxa4 45. Rg5 Be3 46. Rg7+
Ka6 47. Nxd5 Bd4 48. Rg5 Rc4 49. Rxh5 a4 50. Rf5 a3 51. Rf3 Ra4 52. Nb4+ Rxb4
53. Rxa3+ Kb6 54. Rf3 Kc6 55. h5 Rb1 56. Kh4 Kd6 57. h6 Ke6 58. Kg5 Rh1 59. g4
Bb2 60. Kg6 Rg1 61. Rf4 Bc1 62. Rc4 Bb2 63. Rf4 Bc1 64. Rb4 Bd2 65. Rd4 Bc3 66.
Rc4 Bb2 67. Ra4 Bc3 68. Re4+ Kd5 69. Rf4 Ke6 70. Ra4 Bb2 71. Re4+ Kd5 72. Rb4
Bc3 73. Rb5+ Ke6 74. Rb6+ Ke7 75. Kg5 Kf7 76. Rb7+ Kg8 77. Rd7 Bb2 78. Kf5 Bc1
79. h7+ Kh8 80. Rb7 Rh1 81. Rc7 Bd2 82. Rd7 Bc1 83. Rc7 Bd2 84. Kf6 Rh6+ 85. Kf5
Rxh7 86. Rxh7+ Kxh7 87. g5 Bxg5 1/2-1/2

[Event "24th ch-EUR Indiv 2024"]
[Site "Petrovac MNE"]
[Date "2024.11.13"]
[Round "6.111"]
[White "Durucay, Uygar"]
[Black "Beydullayeva, Govhar"]
[Result "0-1"]
[WhiteTitle "FM"]
[BlackTitle "WGM"]
[WhiteElo "2226"]
[BlackElo "2403"]
[WhiteFideId "44591560"]
[BlackFideId "13413015"]
[EventDate "2024.11.08"]

1. d4 Nf6 2. Nf3 d5 3. c4 e6 4. Nc3 c6 5. Bg5 h6 6. Bh4 dxc4 7. e4 g5 8. Bg3 b5
9. Be2 Bg7 10. e5 Nh5 11. a4 a6 12. h4 g4 13. Nh2 c5 14. Ne4 Qxd4 15. Qxd4 cxd4
16. Nxg4 Nxg3 17. fxg3 Nd7 18. axb5 Nxe5 19. Nd6+ Ke7 20. Nxc4 Nxg4 21. Bxg4 Bb7
22. Nb6 Rab8 23. bxa6 Bxg2 24. Rh2 Be4 25. Nc4 Rb4 26. Nd2 Ba8 27. Bf3 Rxb2 28.
Rf2 Rc2 29. Rb1 Be5 30. Bxa8 Rxa8 31. Ne4 Rxf2 32. Rb7+ Ke8 33. Kxf2 Rxa6 34.
Rb5 f6 35. g4 Ra2+ 36. Kf1 Rh2 37. h5 Kd7 38. Rb6 Rc2 39. Ra6 Rc6 40. Ra7+ Rc7
41. Ra6 Rc2 42. Rb6 Ke7 43. Rb7+ Rc7 44. Rb6 d3 45. Rb3 Rc4 46. Rb7+ Kd8 47. Nf2
Rc1+ 48. Kg2 d2 49. Kf3 d1=Q+ 50. Nxd1 Rxd1 51. Rh7 Rd3+ 52. Ke2 Rg3 53. Rxh6
Rxg4 54. Rh7 Rh4 0-1

[Event "24th ch-EUR Indiv 2024"]
[Site "Petrovac MNE"]
[Date "2024.11.13"]
[Round "6.112"]
[White "Barria Santos, Jose Guilherme"]
[Black "Guleryuz, Kuzey"]
[Result "1-0"]
[WhiteTitle "FM"]
[WhiteElo "2398"]
[BlackElo "2158"]
[WhiteFideId "1939300"]
[BlackFideId "44500203"]
[EventDate "2024.11.08"]

1. d4 d5 2. c4 c6 3. Nf3 Nf6 4. Nc3 e6 5. g3 dxc4 6. Bg2 b5 7. O-O Bb7 8. Ne5
Qb6 9. a4 a6 10. b3 cxb3 11. Qxb3 Be7 12. Bb2 Nbd7 13. Nxd7 Nxd7 14. Ne4 O-O 15.
a5 Qa7 16. Qc3 b4 17. Qc4 Rac8 18. Rac1 c5 19. dxc5 Bd5 20. Qd4 f6 21. Nd6 Rxc5
22. Bxd5 exd5 23. Nf5 Bd8 24. Rxc5 Qxc5 25. Qg4 g6 26. Nh6+ Kg7 27. Qxd7+ Kxh6
28. Bc1+ g5 29. Be3 Qc7 30. Qe6 Kg7 31. Rc1 Qe5 32. Qxa6 d4 33. Qa7+ Rf7 34.
Qxd4 Qxd4 35. Bxd4 Bxa5 36. Rc6 Bd8 37. Rd6 Be7 38. Rb6 Rf8 39. Rb7 Re8 40. Bc5
Kf8 41. Rxe7 Rxe7 42. Bxb4 Kf7 43. Bxe7 Kxe7 44. Kg2 g4 45. h3 h5 46. f3 1-0

[Event "24th ch-EUR Indiv 2024"]
[Site "Petrovac MNE"]
[Date "2024.11.13"]
[Round "6.113"]
[White "Yonal, Timur"]
[Black "Niedbala, Bartlomiej"]
[Result "0-1"]
[WhiteTitle "CM"]
[BlackTitle "IM"]
[WhiteElo "2184"]
[BlackElo "2389"]
[WhiteFideId "44115725"]
[BlackFideId "21834008"]
[EventDate "2024.11.08"]

1. e4 Nf6 2. e5 Nd5 3. c4 Nb6 4. d4 d6 5. f4 g6 6. Be3 dxe5 7. fxe5 c5 8. dxc5
Qxd1+ 9. Kxd1 Bg4+ 10. Kc1 N6d7 11. h3 Bf5 12. Nc3 Nc6 13. g4 Be6 14. Nd5 O-O-O
15. Ne2 h5 16. g5 Ndxe5 17. Nef4 Bf5 18. Rh2 e6 19. Nc3 Nf3 20. Rg2 Nfd4 21. Na4
Bg7 22. Bd3 Bxd3 23. Nxd3 Nf5 24. Kd2 Ne5 0-1

[Event "24th ch-EUR Indiv 2024"]
[Site "Petrovac MNE"]
[Date "2024.11.13"]
[Round "6.115"]
[White "Brzezina, Pawel"]
[Black "Sebenik, Matej"]
[Result "0-1"]
[BlackTitle "GM"]
[WhiteElo "2064"]
[BlackElo "2524"]
[WhiteFideId "21078866"]
[BlackFideId "14602296"]
[EventDate "2024.11.08"]

1. d4 Nf6 2. c4 g6 3. Nc3 Bg7 4. e4 d6 5. Nge2 O-O 6. Ng3 h5 7. Be2 a5 8. h4 Nc6
9. d5 Ne5 10. f3 c6 11. Be3 e6 12. dxc6 bxc6 13. Qd2 d5 14. cxd5 cxd5 15. O-O
Bb7 16. exd5 Nxd5 17. Nxd5 Bxd5 18. Bg5 Qb6+ 19. Be3 Qb8 20. Bf4 Qb4 21. Rfc1
Nc6 22. Rc2 Nd4 23. Rc3 Rfd8 24. Bg5 Rdb8 25. Rac1 Qxb2 26. Qd3 Be5 27. Bf1
Nxf3+ 28. gxf3 Bxg3 29. R1c2 Qb6+ 30. Be3 Qd6 31. Rg2 Bxf3 32. Bd4 Bxg2 33. Bxg2
Rb1+ 0-1

[Event "24th ch-EUR Indiv 2024"]
[Site "Petrovac MNE"]
[Date "2024.11.13"]
[Round "6.116"]
[White "Gines Esteo, Pedro Antonio"]
[Black "Deveci, Huseyin Said"]
[Result "1/2-1/2"]
[WhiteTitle "GM"]
[BlackTitle "CM"]
[WhiteElo "2492"]
[BlackElo "2211"]
[WhiteFideId "32080190"]
[BlackFideId "26322455"]
[EventDate "2024.11.08"]

1. Nf3 d5 2. e3 Nf6 3. c4 c6 4. Nc3 Nbd7 5. cxd5 cxd5 6. d4 e6 7. Bd3 Bd6 8. O-O
O-O 9. e4 dxe4 10. Nxe4 Be7 11. Nc3 b6 12. Qe2 a6 13. Bg5 Bb7 14. Rad1 Re8 15.
Bc1 Qb8 16. Bb1 Bd6 17. g3 b5 18. Ng5 Bc6 19. Nce4 h6 20. Nxf6+ Nxf6 21. Nh7 Qd8
22. Nxf6+ Qxf6 23. Be4 Bd5 24. Bxd5 exd5 25. Qd3 Re4 26. f3 Re6 27. Kg2 Rae8 28.
Rf2 h5 29. h4 Qe7 30. Qf5 Qc7 31. f4 Re2 32. Qd3 R2e4 33. Bd2 Qb6 34. Qb3 Qb7
35. Qf3 Rxd4 36. Qxh5 Rd3 37. Kh2 Qe7 38. Re1 Qd7 39. Rxe8+ Qxe8 40. Re2 Qd7 41.
Qg5 Be7 42. Qh5 g6 43. Qe5 Qg4 44. Rg2 Qe6 45. Qxe6 fxe6 46. Kh3 Bf6 47. b3 Rf3
48. Kg4 Rf1 49. Re2 Kf7 50. Be1 Bd4 51. h5 gxh5+ 52. Kxh5 Kf6 53. Kg4 e5 54.
fxe5+ Bxe5 55. Bd2 Bd4 56. Bg5+ Kg6 57. Re6+ Kf7 58. Rxa6 Bc3 59. Ra7+ Ke6 60.
Ra6+ Ke5 61. Bf4+ Ke4 62. Rb6 b4 63. Re6+ Kd3 64. Re3+ Kc2 65. Re2+ Kb1 66. Kf5
Bb2 67. Ke6 d4 68. Kd5 Kxa2 69. Kc4 Ka3 70. Rc2 Rf3 71. Bd2 Rxb3 72. g4 Rc3+ 73.
Bxc3 dxc3 74. g5 b3 75. Kd3 Ka2 76. g6 Kb1 77. Rxc3 Bxc3 78. Kxc3 b2 79. g7 Ka1
80. g8=Q b1=Q 81. Qa8+ Qa2 82. Qh1+ Qb1 83. Qa8+ Qa2 84. Qh1+ Qb1 1/2-1/2

[Event "24th ch-EUR Indiv 2024"]
[Site "Petrovac MNE"]
[Date "2024.11.13"]
[Round "6.117"]
[White "Garsky, Vladyslav"]
[Black "Stefansson, Hannes"]
[Result "0-1"]
[WhiteTitle "CM"]
[BlackTitle "GM"]
[WhiteElo "2200"]
[BlackElo "2485"]
[WhiteFideId "34100270"]
[BlackFideId "2300087"]
[EventDate "2024.11.08"]

1. e4 c5 2. Nf3 Nc6 3. d4 cxd4 4. Nxd4 Nf6 5. Nc3 d6 6. Bg5 e6 7. Qd2 a6 8.
O-O-O Be7 9. f4 Bd7 10. Nf3 b5 11. Bxf6 gxf6 12. Nd4 Qb6 13. Nce2 O-O-O 14. Kb1
Kb8 15. g3 Na5 16. Qd3 Nc4 17. Bh3 Rc8 18. Rhe1 b4 19. Nc1 a5 20. Bf1 f5 21. Nf3
fxe4 22. Rxe4 Bb5 23. Qd4 Qb7 24. Ng5 Bxg5 25. Bxc4 Bf6 26. Qxd6+ Rc7 27. Bxb5
Qxe4 28. Qb6+ Rb7 29. Qd6+ Rc7 30. Qb6+ Qb7 31. Qxa5 Be7 32. Nb3 Bc5 33. Ba6 Qb6
34. Qxb6+ Bxb6 35. Rd6 Ka7 36. Bd3 e5 37. Na5 e4 38. Be2 Rhc8 39. c3 bxc3 40.
bxc3 Rxc3 41. Rd7+ R8c7 42. Rxc7+ Rxc7 43. Nc4 Bg1 44. Nd6 Rc6 45. Nxe4 f5 46.
Ng5 Bxh2 47. Nxh7 Bxg3 48. Bd3 Rc5 49. Nf8 Rd5 50. Kc2 Bxf4 51. Ne6 Be3 52. Ng7
f4 53. Nf5 Kb6 54. a4 Ka5 55. Nh4 Kxa4 56. Nf3 Rc5+ 57. Kd1 Kb4 58. Ke2 Kc3 59.
Be4 Ra5 60. Ne1 Kd4 61. Bb7 Ra2+ 62. Kf3 Bd2 63. Ng2 Ke5 64. Bc6 Kf5 65. Bb7 Kg5
66. Bc6 Rc2 67. Bd5 Rb2 68. Bc6 Ba5 69. Bd7 Bb6 70. Bh3 Rb3+ 0-1